| 000 | 00000nam 2200000zi 4500 |
| 001 | 9.933874 |
| 003 | CaOODSP |
| 005 | 20240214110303 |
| 006 | m o d f |
| 007 | cr ||||||||||| |
| 008 | 240214e199607##onc|||||ob f000 0 fre d |
| 040 | |aCaOODSP|bfre|erda|cCaOODSP |
| 043 | |an-cn--- |
| 086 | 1 |aC2-280/4S-1996F-PDF |
| 245 | 03|aLa Loi canadienne sur les sociétés par actions, document de consultation : |bpropositions d'amendements de nature technique supplémentaires. |
| 264 | 1|a[Ottawa] : |b[Industrie Canada], |cjuillet 1996. |
| 300 | |a1 ressource en ligne (52 pages). |
| 336 | |atexte|btxt|2rdacontent/fre |
| 337 | |ainformatique|bc|2rdamedia/fre |
| 338 | |aressource en ligne|bcr|2rdacarrier/fre |
| 490 | 1 |aLa Loi canadienne sur les sociétés par actions, document de consultation |
| 500 | |aÉdition numérisée de l'imprimé [par Innovation, Sciences et Développement économique Canada]. |
| 500 | |aSupplément à un document d'une série de neuf documents de consultation portant sur d'éventuels changements à la Loi canadienne sur les sociétés par actions. |
| 500 | |aPublié aussi en anglais sous le titre : Canada Business Corporations Act, supplement to discussion paper : proposals for technical amendments. |
| 504 | |aComprend des références bibliographiques. |
| 610 | 16|aCanada. |tLoi canadienne sur les sociétés par actions. |
| 650 | 6|aSociétés|xDroit|zCanada. |
| 710 | 1 |aCanada. |bIndustrie Canada, |eorganisme de publication. |
| 772 | 1 |tLoi canadienne sur les sociétés par actions, document de consultation : propositions d'amendements de nature technique. |w9.502894 |
| 775 | 08|tCanada Business Corporations Act, supplement to discussion paper : |w(CaOODSP)9.933875 |
| 830 | #0|aLa Loi canadienne sur les sociétés par actions.|w(CaOODSP)9.502894 |
| 856 | 40|qPDF|s749 Ko|uhttps://publications.gc.ca/collections/collection_2024/isde-ised/C2-280-4S-1996-fra.pdf |